000 00618nam a2200205Ii 4500
003 JO-AjNU
008 230605s9999||||xx |||||||||||||| ||und||
040 _aJO-AjNU
_bara
_erda
_cJO-AjNU
041 _aara
050 1 4 _aQC3.G4242 1985
100 3 _aغصيب ، هشام,
_eauthor
_919936
245 0 0 _aجولات في الفكر العلمي
250 _aط1
264 3 1 _aعمان:دار الفرقان ، 1985
300 _a168ص
336 _atext
_btxt
_2rdacontent
337 _aunmediated
_bn
_2rdamedia
338 _avolume
_bnc
_2rdacarrier
650 4 _aالعلوم -متفرقات -فيزياء
_919937
999 _aA6668
_c10236
_d10236